| 000 | 01237nam a22002777a 4500 | ||
|---|---|---|---|
| 001 | BD-DhSAU 9278 | ||
| 003 | BD-DhSAU | ||
| 005 | 20230301164849.0 | ||
| 008 | 150613b2018 bg a|||| m||| 00| 0 eng d | ||
| 040 | _aBD-DhSAU | ||
| 082 |
_222 _a630.2 _bH7949 |
||
| 100 |
_aHOSSAIN, AOLAD _eRegistration No. # 19-10245 |
||
| 245 |
_aquantification of heavy metals and related
health risks through consumption of
different foodstuffs collected from five
different marketplaces of dhaka city
/
_bMS thesis |
||
| 260 |
_aSher-e-Bangla Agricultural University : _bDepartment of Agricultural Chemistry, _c2021 |
||
| 300 |
_axiii, 88p. : _bill. ; _c30 cm. |
||
| 500 | _aMS thesis of Department of agricultural Chemistry, Faculty of Agriculture , Sher-e-Bangla Agricultural University, Dhaka, Bangladesh | ||
| 504 | _aIncludes bibliographical reference. | ||
| 590 | _aNazmul | ||
| 650 | _aheavy metals | ||
| 650 | _ahealth risks through consumption | ||
| 651 | _afoodstuffs collected | ||
| 700 |
_aProf. Dr. Sheikh Shawkat Zamil _eSuperviser |
||
| 700 |
_aAssist. Prof. Md. Wadud Ahmed _eCo-superviser |
||
| 856 | _uhttp://archive.saulibrary.edu.bd:8080/xmlui/handle/123456789/4802 | ||
| 942 |
_2ddc _cTHESIS |
||
| 999 |
_c16671 _d16670 |
||